Most Common Animals (ABC Books) Quiz Stats

 Plays Quiz Updated Mar 30, 2015

Score 0/26 Timer 04:00
1 Play Today
Letter Animal % Correct
XNone
100%
DDog
93.8%
CCat
93.5%
ZZebra
93.4%
EElephant
87.8%
LLion
84.2%
TTiger
73.8%
BBear
72.1%
KKangaroo
69.1%
GGiraffe
68.5%
MMonkey
67.2%
SSnake
59.9%
YYak
58.5%
Letter Animal % Correct
HHippopotamus
55.5%
RRabbit
51.7%
JJaguar
50%
IIguana
47.7%
QQuail
46%
FFrog
43.8%
PPig
43%
WWalrus
41.3%
AAlligator
40.2%
OOwl
28.4%
VVulture
22.8%
UUnicorn
19.5%
NNightingale
4.3%

You're not logged in!

Compare scores with friends on all Sporcle quizzes.
OR
Log In

Show Comments

Extras

Top Quizzes Today


Score Distribution

Your Account Isn't Verified!

In order to create a playlist on Sporcle, you need to verify the email address you used during registration. Go to your Sporcle Settings to finish the process.

Report this User

Report this user for behavior that violates our Community Guidelines.

Details: